000 00899 a2200217 4500
008 080821t xxu||||| |||| 00| 0 eng d
010 _aENG-85067
020 _a818942212X
_c1280.00
035 _aEN-68600
037 _bD.B.Act / Pub
082 _a628.4458
100 _aManivanan, R.
245 _aRecycling of industrial effluents
_cby R. Manivanan
260 _aNew Delhi
_bNew India Publishing Agency,
_c2005
270 _a101, Vikas Surya Plaza, CU Block, LSC Mkt., Pitam Pura
_bNew Delhi
_cDelhi
_e110034
_k011-27341717
300 _axvii, 412 p.
_c22 cm. (Hb)
500 _aIncludes bibliographical references and index
650 _aIndustrial effluents
942 _adpl
_cEN
_k628.4458 / MAN
_2ddc
_h628.4458
_mMAN
999 _c981
_d981